000
00297nam a22001337a 4500
008
181219b xxu||||| |||| 00| 0 eng d
020
_a
55360005
041
_a
eng
080
_2
2nd
_a
540
100
_a
12
101
_a
KIM
245
_a
Chemistry Precision & Design
_c
Biddle,V
942
_2
udc
_c
BK
999
_c
53482
_d
53482